000 00777nam a2200229 u 4500
005 20240229063558.0
008 180228s2010 ag r 000 0 spa d
020 _a9789507532672
035 _aUPN01000223234
049 _aI
050 4 _aPQ7797 G8.7
_bM3.9
100 1 _aGutiérrez Méndez, Patricia,
_d1973-
_942129
245 1 0 _aMayo de 1810 :
_bentre todos hacemos la patria /
_cPatricia Gutiérrez Méndez ; il. Leo Bolzicco.
260 _aBuenos Aires :
_bCántaro,
_c2010.
300 _a23 p. :
_bil. col.
440 0 _aRincón de lectura
650 4 _aLiteratura infantil argentina
_97511
651 4 _aARGENTINA -
_xHISTORIA -
_xESTUDIO Y ENSEÑANZA (ELEMENTAL)
_96229
650 4 _aLibros y lectura para niños
_92290
901 _aInfantil
999 _c195331
_d195331